• 首页
  • 本馆介绍
  • 公告通知
  • 最新文献
  • 馆藏检索
  • 电子资源
  • 读者导购
  • 参考咨询
  • 我的图书馆
  • 登录
  • 详细信息显示
  • 放入我的书架
  • 预约/预借图书
  • 作者相关作品
  • 分类相关作品
  • 丛书相关作品
  • 出版社相关作品

书目信息

  • 表格格式
  • 工作单格式
  • 卡片格式
题名:
民国人物传
    
 
作者: 严如平 , 宗志文 主编
分册: 第六卷  
出版信息: 北京   中华书局  1987
页数: 375页
开本: 19cm
丛书名: 中华民国史资料丛稿
单 册:
中图分类: K820.6
科图分类:
主题词: 历史人物--生平事迹--中国--民国
电子资源:
ISBN: 7-101-00036-3
000 00763nam2 2200253 45
001 0187009161
005 20060425112238.40
010    @a7-101-00036-3@dCNY2.00
100    @a19900912d1987 emky0chiy0121 ea
101 0  @achi
102    @aCN@b110000
105    @ay z 000yc
200 10 @a民国人物传@Amin guo ren wu zhuan@h第六卷@f宗志文, 严如平主编@Fzong zhi wen,yan ru ping zhu bian
210    @a北京@c中华书局@d1987
215    @a375页@d19cm
225 2  @a中华民国史资料丛稿
410  0 @120010@a中华民国史资料丛稿
606    @a历史人物@x生平事迹@y中国@z民国
690    @aK820.6@v4
701  0 @a严如平@Ayan ru ping@4主编
701  0 @a宗志文@Azong zhi wen@4主编
801  0 @aCN@b深圳图书馆@c20060425
801  2 @aCN@bNLC@c20060330
905    @dK820.6@e1:6
    
    民国人物传.第六卷/宗志文, 严如平主编.-北京:中华书局,1987
    375页;19cm.-(中华民国史资料丛稿)
    
    
    ISBN 7-101-00036-3:CNY2.00
    
●
相关链接 在E读中查询图书 在五车中查询图书 在当当中查询图书 在豆瓣中查询图书


正题名:民国人物传     索取号:K820.6/1:6         预约/预借

序号 登录号 条形码 馆藏地/架位号 状态 备注
1 0204845   001414865   密集书库/ [索取号:K820.6/1:6] 在馆    
2 0204846   202287373   密集书库/ [索取号:K820.6/1:6] 在馆    
3 0204847   202233920   密集书库/ [索取号:K820.6/1:6] 在馆    
唐山师范学院图书馆 欢迎您!
大连网信软件有限公司© 版权所有